|
|
|
|
| LEADER |
00000nam1a2200000 4500 |
| 001 |
114545 |
| 005 |
20231031122306.0 |
| 020 |
|
|
|a RU
|b 86-27307
|
| 035 |
|
|
|a (RuTPU)RU\TPU\book\123867
|
| 090 |
|
|
|a 114545
|
| 100 |
|
|
|a 20070424d1986 m a0rusy5003 ca
|
| 101 |
0 |
|
|a rus
|
| 200 |
1 |
|
|a Трубы для нефтяной промышленности
|f В. А. Ткаченко [и др.]
|
| 210 |
|
|
|a Москва
|c Металлургия
|d 1986
|
| 215 |
|
|
|a 255 с.
|c ил.
|
| 320 |
|
|
|a Библиогр.: с. 252-256.
|
| 610 |
1 |
|
|a нефтепромысловые трубы
|
| 610 |
1 |
|
|a нефтяная промышленность
|
| 610 |
1 |
|
|a скважины
|
| 610 |
1 |
|
|a эксплуатация
|
| 610 |
1 |
|
|a бурение
|
| 675 |
|
|
|a 621.774
|v 3
|
| 701 |
|
1 |
|a Ткаченко
|b В. А.
|g Владимир Андреевич
|
| 701 |
|
1 |
|a Шевченко
|b А. А.
|g Александр Андреевич
|
| 701 |
|
1 |
|a Стрижак
|b В. И.
|g Владимир Иванович
|
| 701 |
|
1 |
|a Пикинер
|b Ю. С.
|g Юрий Спиридонович
|
| 801 |
|
0 |
|a RU
|b RuMRKP
|c 19950704
|g psbo
|
| 801 |
|
1 |
|a RU
|b 63413507
|c 20070424
|g PSBO
|
| 801 |
|
2 |
|a RU
|b 63413507
|c 20081126
|g PSBO
|
| 942 |
|
|
|c BK
|